| 000 | 00770nam a2200253 a 4500 | ||
|---|---|---|---|
| 001 | 62886 | ||
| 005 | 20180714065059.0 | ||
| 008 | 150612s1997 sp r 000 0 spa d | ||
| 020 | _a8425420245 | ||
| 040 | _erda | ||
| 041 | 0 | _aspa | |
| 082 | 0 |
_a155.6463 _bMUR |
|
| 100 | 1 |
_aMurcia-Valcárcel, Esteban, _eautor |
|
| 245 | 1 | 0 |
_aMatriarcado . . . patológico : _bmadres que agobian.... amando / _cEsteban Murcia-Valcárcel. |
| 250 | _a[Primera edición] | ||
| 264 | 1 |
_aBarcelona : _bHerder, _c1997 |
|
| 300 |
_a175 páginas ; _c20 cm. |
||
| 336 |
_atexto _2rdacontent |
||
| 337 |
_asin mediación _2rdamedia |
||
| 338 |
_avolumen _2rdacarrier |
||
| 650 | 4 |
_aMatriarcado _xPsicología |
|
| 650 | 4 |
_aMadres _xPsicología |
|
| 650 | 4 | _aAmor maternal | |
| 999 |
_c62886 _d62886 |
||